Najpopularniejsze polskie konta na tiktoku. - Statystyki

Ogólne statystyki
  • Ten quiz został rozwiązany 1 192 razy
    869 od ostatniego zresetowania
  • Średni wynik to 3 z 20
Statystyki odpowiedzi
nazwa obserwacje % Poprawnych
jeleniewska 13 300 000
90%
marlenasojka 9 100 000
35%
dobrafaza 5 900 000
25%
neffatibrothers 18 000 000
25%
twinsstyle 15 300 000
25%
filipzabielski 4 500 000
20%
_rl9 6 100 000
19%
kompleksiara 5 100 000
18%
sabinitta 6 400 000
15%
zusje 7 900 000
15%
norekkuba 5 500 000
14%
zietkowsky 5 200 000
8%
couplepower 4 000 000
7%
fredziownik_art 12 200 000
6%
havaniaaa 4 200 000
6%
dancingsfinks 5 300 000
4%
patik 3 800 000
3%
sawardega 7 300 000
3%
sebastiankowalczyk 4 000 000
3%
mrs.lillyy 3 700 000
1%
Nie znaleziono quizów pasujących do podanych kryteriów
Rozkład punktacji
Procent ludzi z każdym wynikiem
Percentyl według liczby udzielonych odpowiedzi
Twoja historia wyników
Nie rozwiązałeś tego quizu od ostatniego zresetowania